[Event "AUTO-OPEN-3257"]
[Site "http://www.queenalice.com/game.php?id=1306940"]
[Date "2014.9.8"]
[Round "2"]
[White "dinoD19"]
[Black "Capixaba789"]
[Result "1-0"]
[WhiteElo "2379"]
[BlackElo "1946"]

1. e4 e5 2. f4 exf4 3. Nf3 d5 4. exd5 Qxd5 5. Nc3 Qd8 6. d4 Bb4 7. Bc4 Qe7+ 8.
Kf2 c6 9. Bxf4 Nf6 10. Re1 Be6 11. Bxe6 fxe6 12. Ng5 O-O 13. Nxe6 Bxc3 14. bxc3
Na6 15. Nxf8 Qxf8 16. Kg1 Nd5 17. Be5 Nxc3 18. Qg4 Nd5 19. Rf1 Qe7 20. Rae1 Qd7
21. Qxd7 1-0

[Event "AUTO-ELITE-1339"]
[Site "http://www.queenalice.com/game.php?id=1321989"]
[Date "2014.11.13"]
[Round "2"]
[White "dinoD19"]
[Black "Plotnnikov"]
[Result "1-0"]
[WhiteElo "2457"]
[BlackElo "2463"]

1. e4 c5 2. Nf3 e6 3. c3 d5 4. e5 Nc6 5. d4 Bd7 6. Be2 Nge7 7. O-O Ng6 8. g3 Qb6
9. h4 cxd4 10. cxd4 Nge7 11. Nc3 Nf5 12. Na4 Qc7 13. Bf4 Be7 14. Rc1 b6 15. Nc3
1-0

[Event "AUTO-ELITE-1339"]
[Site "http://www.queenalice.com/game.php?id=1321990"]
[Date "2014.11.13"]
[Round "2"]
[White "Plotnnikov"]
[Black "dinoD19"]
[Result "1/2-1/2"]
[WhiteElo "2455"]
[BlackElo "2465"]

1. e4 c6 2. d4 d5 3. Nd2 dxe4 4. Nxe4 Nd7 5. Nf3 Ngf6 6. Ng3 e6 7. Bd3 c5 8. O-O
cxd4 9. Nxd4 Be7 10. c3 O-O 11. Qe2 Qc7 12. Re1 Nc5 13. Bc2 b6 14. b4 Ncd7 15.
Nxe6 1/2-1/2

[Event "AUTO-OPEN-3257"]
[Site "http://www.queenalice.com/game.php?id=1322872"]
[Date "2014.11.18"]
[Round "3"]
[White "rtz678"]
[Black "dinoD19"]
[Result "0-1"]
[WhiteElo "2393"]
[BlackElo "2467"]

1. e4 c6 2. d4 d5 3. f3 Qb6 4. Nc3 dxe4 5. Nxe4 Bf5 6. c3 Nd7 7. Bd3 e5 8. Ne2
Bg6 9. Be3 Ngf6 10. Qd2 Nxe4 11. fxe4 O-O-O 12. O-O-O Qa5 13. Kb1 exd4 14. Bxd4
c5 15. Bf2 Ne5 16. Qe3 Bd6 17. Nf4 Nxd3 18. Nxg6 Nxf2 19. Nxh8 Nxd1 20. Rxd1 Qc7
21. Qh3+ Kb8 22. Qxh7 Rf8 23. g4 Be5 24. Rd5 Qe7 0-1

[Event "AUTO-OPEN-3257"]
[Site "http://www.queenalice.com/game.php?id=1322873"]
[Date "2014.11.18"]
[Round "3"]
[White "dinoD19"]
[Black "rtz678"]
[Result "1-0"]
[WhiteElo "2474"]
[BlackElo "2383"]

1. e4 g6 2. d4 Bg7 3. Nc3 c6 4. Nf3 d5 5. h3 dxe4 6. Nxe4 Nd7 7. Bc4 Ngf6 8.
Nxf6+ Nxf6 9. O-O O-O 10. Re1 Nd5 11. c3 Qc7 12. Bg5 Be6 13. Qd2 Rad8 14. Bb3
Rfe8 15. c4 Nb6 16. Rac1 Qd7 17. Bf4 Qc8 18. Qa5 Qa8 19. Rxe6 fxe6 20. Ng5 Qc8
21. Re1 e5 22. Bxe5 Qf5 23. Nf3 Ra8 24. Qb4 Qd7 25. Bxg7 Kxg7 26. d5 Qd6 27.
Qc3+ 1-0

[Event "AUTO-OPEN-3256"]
[Site "http://www.queenalice.com/game.php?id=1327214"]
[Date "2014.12.10"]
[Round "2"]
[White "duschgel"]
[Black "dinoD19"]
[Result "0-1"]
[WhiteElo "2111"]
[BlackElo "2481"]

1. c4 c5 2. g3 g6 3. Bg2 Bg7 4. Nc3 Nc6 5. e4 e6 6. Nge2 Nge7 7. O-O O-O 8. d3
d6 9. f4 Bd7 10. h3 Rb8 11. g4 a6 12. f5 exf5 13. exf5 gxf5 14. gxf5 Nxf5 15.
Be4 Nfd4 16. Nf4 f5 17. Bd5+ Kh8 18. Be3 Nb4 19. Bxd4 Bxd4+ 20. Kh2 Be5 21. Kh1
Qh4 22. Qh5 Qxh5 23. Nxh5 f4 24. Be4 f3 25. a3 Nc2 26. Rac1 Nd4 27. Rf2 Be8 0-1

[Event "AUTO-OPEN-3256"]
[Site "http://www.queenalice.com/game.php?id=1327215"]
[Date "2014.12.10"]
[Round "2"]
[White "dinoD19"]
[Black "duschgel"]
[Result "1-0"]
[WhiteElo "2480"]
[BlackElo "2101"]

1. e4 c6 2. d4 d5 3. exd5 Qxd5 4. Nc3 Qa5 5. Nf3 Bg4 6. h3 Bxf3 7. Qxf3 Nf6 8.
Be2 e6 9. O-O Be7 10. Bf4 O-O 11. a3 Nbd7 12. Rfd1 Rac8 13. Rac1 c5 14. d5 exd5
15. Nxd5 Nxd5 16. Qxd5 Nb6 17. Qxb7 Bf6 18. Bg4 Bxb2 19. Rb1 Bxa3 20. Bxc8 Nxc8
21. Bc7 Qa4 22. Bd8 Nb6 23. Be7 Re8 24. Ra1 Qxc2 25. Qc6 Rc8 26. Qxc8+ Nxc8 27.
Rd8# 1-0

[Event "AUTO-OPEN-3256"]
[Site "http://www.queenalice.com/game.php?id=1327222"]
[Date "2014.12.10"]
[Round "2"]
[White "Capixaba789"]
[Black "dinoD19"]
[Result "0-1"]
[WhiteElo "1910"]
[BlackElo "2466"]

1. e4 d6 2. d4 Nf6 3. Bd3 g6 4. f4 Bg7 5. Nf3 O-O 6. O-O Na6 7. Bxa6 bxa6 8. Nc3
Rb8 9. e5 Nd7 10. Qe2 c5 11. e6 cxd4 12. exd7 Bxd7 13. Nd5 e6 14. Qd1 exd5 15.
Nxd4 Rb4 16. c3 Bxd4+ 17. cxd4 Qb6 18. Kh1 Rxd4 19. Qf3 Re4 20. b3 Rc8 21. Bb2
Rc2 22. Rab1 Re3 23. Qxd5 Bc6 24. Qxd6 Bxg2+ 0-1

[Event "AUTO-OPEN-3256"]
[Site "http://www.queenalice.com/game.php?id=1327223"]
[Date "2014.12.10"]
[Round "2"]
[White "dinoD19"]
[Black "Capixaba789"]
[Result "1-0"]
[WhiteElo "2465"]
[BlackElo "1893"]

1. e4 e5 2. f4 d5 3. exd5 exf4 4. Nf3 Qxd5 5. Nc3 Qd8 6. d4 Nf6 7. Bxf4 c6 8.
Bc4 Be7 9. O-O O-O 10. Qe2 Be6 11. Bxe6 fxe6 12. Qxe6+ Kh8 13. Rad1 Bb4 14. Ng5
Qd7 15. Be5 Qxe6 16. Nxe6 Na6 17. Nxf8 Rxf8 18. d5 cxd5 19. Nxd5 Nxd5 20. Rxf8+
Bxf8 21. Rxd5 Kg8 22. Bd6 Bxd6 23. Rxd6 1-0

[Event "AUTO-OPEN-3256"]
[Site "http://www.queenalice.com/game.php?id=1327226"]
[Date "2014.12.10"]
[Round "2"]
[White "testouverture"]
[Black "dinoD19"]
[Result "0-1"]
[WhiteElo "2244"]
[BlackElo "2482"]

1. d4 d5 2. Nf3 Nf6 3. c4 c6 4. Nc3 e6 5. e3 Nbd7 6. Qc2 Bd6 7. g4 h6 8. Rg1 e5
9. cxd5 cxd5 10. Nb5 Bb8 11. dxe5 Nxe5 12. Nxe5 Bxe5 13. g5 Ne4 14. h4 hxg5 15.
hxg5 Rh2 16. Bg2 Qxg5 17. f4 Qh4+ 18. Kf1 Bf5 0-1

[Event "AUTO-OPEN-3256"]
[Site "http://www.queenalice.com/game.php?id=1327227"]
[Date "2014.12.10"]
[Round "2"]
[White "dinoD19"]
[Black "testouverture"]
[Result "1-0"]
[WhiteElo "2485"]
[BlackElo "2241"]

1. e4 d5 2. exd5 Qxd5 3. Nc3 Qa5 4. d4 c6 5. Nf3 Nf6 6. Bd3 Bg4 7. h3 Bh5 8. Bd2
Qc7 9. Qe2 e6 10. O-O-O Nbd7 11. Kb1 O-O-O 12. Na4 Bd6 13. g4 Bg6 14. Bxg6 hxg6
15. c4 Bf4 16. Bxf4 Qxf4 17. Nc3 Rhe8 18. Qe3 Qxe3 19. fxe3 e5 20. Ng5 Re7 21.
Rhe1 exd4 22. exd4 Rxe1 23. Rxe1 Nf8 24. Re7 Rd7 25. Rxd7 Kxd7 26. Nxf7 Ne6 27.
Ne5+ Kd6 28. Nf3 Nf4 29. Ng5 a6 30. Kc2 b5 31. b3 1-0

[Event "AUTO-ELITE-1341"]
[Site "http://www.queenalice.com/game.php?id=1338944"]
[Date "2015.2.3"]
[Round "2"]
[White "dinoD19"]
[Black "FabioDavid"]
[Result "1-0"]
[WhiteElo "2489"]
[BlackElo "2370"]

1. e4 d5 2. exd5 Qxd5 3. Nc3 Qa5 4. d4 c6 5. Nf3 Nf6 6. Ne5 Nbd7 7. Nc4 Qd8 8.
Bg5 Nb6 9. a4 h6 10. Bf4 Nxc4 11. Bxc4 Bf5 12. Be5 e6 13. Bd3 Bxd3 14. Qxd3 Bd6
15. Qg3 Bxe5 16. dxe5 Nh5 17. Qe3 Qg5 18. Qxg5 hxg5 19. g3 Rd8 20. a5 f5 21. Ra4
Kd7 22. Rc4 a6 23. h4 g4 24. Ke2 Kc8 25. Rd1 Rxd1 26. Kxd1 Rd8+ 27. Ke1 g6 28.
Ke2 Rd7 29. Na4 Kb8 30. Nb6 Rd8 31. c3 Ng7 32. Rd4 Rxd4 33. cxd4 f4 34. gxf4 Nf5
35. Kd3 Nxh4 36. Nd7+ 1-0

[Event "AUTO-ELITE-1341"]
[Site "http://www.queenalice.com/game.php?id=1338945"]
[Date "2015.2.3"]
[Round "2"]
[White "FabioDavid"]
[Black "dinoD19"]
[Result "1/2-1/2"]
[WhiteElo "2366"]
[BlackElo "2492"]

1. b3 e5 2. Bb2 Nc6 3. e3 Nf6 4. Bb5 Bd6 5. Na3 Na5 6. Be2 Be7 7. d4 exd4 8.
exd4 d5 9. Nf3 O-O 10. O-O Be6 11. Bd3 Nc6 12. Re1 Nb4 13. Bf1 Nc6 14. Bd3 Re8
15. c3 Bg4 16. b4 Bh5 17. h3 a6 18. Nc2 Bd6 19. Rxe8+ Qxe8 20. Qe2 Qxe2 21. Bxe2
Ne4 22. Ne3 Ne7 23. g4 Bg6 24. Ne5 h6 25. Nxg6 fxg6 26. Bd3 Ng5 27. Kg2 Ne6 28.
Bf1 Nf4+ 29. Kg1 g5 30. a4 c6 31. a5 Re8 32. Re1 Neg6 33. Nc2 Kf7 34. Rxe8
1/2-1/2

[Event "Let's Play Chess!"]
[Site "http://www.queenalice.com/game.php?id=1346690"]
[Date "2015.3.10"]
[Round "-"]
[White "Bategoll"]
[Black "dinoD19"]
[Result "0-1"]
[WhiteElo "1768"]
[BlackElo "2488"]

1. d4 d5 2. Nf3 Nf6 3. Nc3 Bf5 4. e3 e6 5. Bd3 Bxd3 6. Qxd3 c6 7. Ne5 Nbd7 8. f4
Bb4 9. Bd2 Bxc3 10. Bxc3 Ne4 11. Nf3 O-O 12. O-O Rc8 13. a3 c5 14. dxc5 Ndxc5
15. Qd4 f6 16. b4 e5 17. fxe5 Ne6 18. Qxa7 Rxc3 19. exf6 Nxf6 20. Qxb7 Ng4 21.
Nd4 Qg5 22. Nxe6 Qxe3+ 23. Kh1 Rxf1+ 24. Rxf1 Nf2+ 25. Rxf2 Qe1+ 0-1

[Event "Let's Play Chess!"]
[Site "http://www.queenalice.com/game.php?id=1346691"]
[Date "2015.3.10"]
[Round "-"]
[White "dinoD19"]
[Black "Bategoll"]
[Result "1-0"]
[WhiteElo "2489"]
[BlackElo "1814"]

1. g4 e5 2. Bg2 d5 3. c4 Bxg4 4. cxd5 Nf6 5. Nc3 Bd6 6. Nf3 Nbd7 7. h3 Bh5 8. d3
a6 9. Be3 Bb4 10. Qb3 Bd6 11. Qxb7 O-O 12. Rb1 Re8 13. Nd2 Qe7 14. Qc6 Nc5 15.
Nc4 Rab8 16. O-O e4 17. Nxd6 cxd6 18. Bxc5 dxc5 19. d6 Qe6 20. dxe4 Rec8 21.
Qxa6 Bg6 22. f3 Ra8 23. Qd3 c4 24. Qd4 Ra6 25. Rbd1 h6 26. f4 Bh7 27. f5 Qd7 28.
e5 1-0

[Event "Let's Play Chess!"]
[Site "http://www.queenalice.com/game.php?id=1357583"]
[Date "2015.5.6"]
[Round "-"]
[White "Lazarus"]
[Black "dinoD19"]
[Result "0-1"]
[WhiteElo "1482"]
[BlackElo "2491"]

1. e4 e6 2. d4 d5 3. Nc3 Bb4 4. Bf4 dxe4 5. Qd2 Nf6 6. f3 Bxc3 7. Qxc3 Nd5 8.
Qd2 Nxf4 9. Qxf4 Qxd4 10. Rd1 Qxb2 11. Qxc7 Nc6 0-1

[Event "AUTO-ELITE-1502"]
[Site "http://www.queenalice.com/game.php?id=1361503"]
[Date "2015.5.24"]
[Round "1"]
[White "anietoro"]
[Black "dinoD19"]
[Result "0-1"]
[WhiteElo "2217"]
[BlackElo "2498"]

1. c4 c5 2. g3 g6 3. Bg2 Bg7 4. Nc3 Nc6 5. e3 e5 6. Nge2 Nge7 7. O-O O-O 8. Rb1
d6 9. a3 a5 10. b3 Rb8 11. Bb2 Be6 12. Nb5 d5 13. d3 d4 14. e4 Qd7 15. Qd2 Ra8
16. f4 f5 17. Rbe1 fxe4 18. Bxe4 Bh3 19. Rf2 Rae8 20. Bc1 Bg4 0-1

[Event "AUTO-ELITE-1502"]
[Site "http://www.queenalice.com/game.php?id=1361504"]
[Date "2015.5.24"]
[Round "1"]
[White "dinoD19"]
[Black "fontaine"]
[Result "0-1"]
[WhiteElo "2530"]
[BlackElo "2771"]

1. d4 d5 2. e4 dxe4 3. Nc3 Nf6 4. f3 exf3 5. Nxf3 Bg4 6. h3 Bh5 7. g4 Bg6 8. Ne5
e6 9. Bg2 c6 10. h4 Bb4 11. O-O Nbd7 12. Nxg6 hxg6 13. Bg5 Qc7 14. Bf4 Bd6 15.
Bxd6 Qxd6 16. g5 Rxh4 17. gxf6 Nxf6 18. Rf3 Rd8 19. Ne2 Qh2+ 20. Kf1 Rd5 21. Qe1
Ne4 22. Rf2 Nxf2 23. Kxf2 Rg4 24. Qh1 Rxg2+ 25. Qxg2 Rf5+ 0-1

[Event "AUTO-ELITE-1502"]
[Site "http://www.queenalice.com/game.php?id=1361505"]
[Date "2015.5.24"]
[Round "1"]
[White "fontaine"]
[Black "dinoD19"]
[Result "1-0"]
[WhiteElo "2774"]
[BlackElo "2527"]

1. e4 e5 2. Nf3 Nc6 3. Bc4 Bc5 4. b4 Bxb4 5. c3 Ba5 6. d4 exd4 7. O-O d6 8. cxd4
Bb6 9. Nc3 Bg4 10. Bb5 Bd7 11. e5 dxe5 12. d5 Nce7 13. Bxd7+ Qxd7 14. Nxe5 Qf5
15. Qa4+ Kd8 16. Bf4 Nh6 17. d6 cxd6 18. Rad1 Nc8 19. Rfe1 f6 20. g4 Bxf2+ 21.
Kxf2 Nxg4+ 22. Nxg4 Qxg4 23. Nb5 Qh4+ 24. Kf3 a6 25. Rxd6+ Nxd6 26. Qa5+ 1-0

[Event "AUTO-OPEN-3256"]
[Site "http://www.queenalice.com/game.php?id=1362515"]
[Date "2015.5.30"]
[Round "3"]
[White "Brooke"]
[Black "dinoD19"]
[Result "0-1"]
[WhiteElo "2842"]
[BlackElo "2515"]

1. d4 Nf6 2. c4 g6 3. Nc3 d5 4. Nf3 Bg7 5. Qb3 dxc4 6. Qxc4 O-O 7. e4 a6 8. Be2
b5 9. Qb3 Nc6 10. e5 Be6 11. exf6 Bxb3 12. fxg7 Kxg7 13. axb3 Nxd4 14. Nxd4 Qxd4
15. O-O Qd6 16. Bf3 Rad8 17. Ne4 Qe5 18. b4 Rd4 19. Nc5 Rh4 20. h3 Rd8 21. Ra3
Rc4 22. Re3 Qf6 0-1

[Event "AUTO-OPEN-3256"]
[Site "http://www.queenalice.com/game.php?id=1362516"]
[Date "2015.5.30"]
[Round "3"]
[White "dinoD19"]
[Black "Brooke"]
[Result "1-0"]
[WhiteElo "2500"]
[BlackElo "2857"]

1. d4 Nf6 2. c4 g6 3. Nc3 Bg7 4. e4 d6 5. Nf3 O-O 6. Be2 e5 7. O-O Nc6 8. d5 Ne7
9. Ne1 Nd7 10. Be3 f5 11. f3 f4 12. Bf2 g5 13. a4 a5 14. Nd3 b6 15. b4 axb4 16.
Nxb4 Nf6 17. Nc6 Nxc6 18. dxc6 Be6 19. Nd5 Rf7 20. Qb3 g4 21. a5 bxa5 22. Bh4 g3
23. Rfb1 1-0